Prehistoria del arte occidental / (Record no. 91119)

MARC details
000 -LEADER
campo de control de longitud fija 00700nam a2200193 i 4500
001 - NÚMERO DE CONTROL
campo de control 91119
003 - IDENTIFICADOR DE NÚMERO DE CONTROL
campo de control ES-MaACL
005 - FECHA Y HORA DE LA ÚLTIMA TRANSACCIÓN
campo de control 20251003152903.0
007 - CAMPO FIJO DE DESCRIPCIÓN FÍSICA--INFORMACIÓN GENERAL
campo de control de longitud fija t|
008 - DATOS DE LONGITUD FIJA--INFORMACIÓN GENERAL
campo de control de longitud fija 050127s1968 sp ||||1| spa d
100 1# - ENTRADA PRINCIPAL--NOMBRE DE PERSONA
Nombre de persona Leroi-Gourhan, André.
9 (RLIN) 71788
245 10 - MENCIÓN DEL TÍTULO
Título Prehistoria del arte occidental /
Mención de responsabilidad, etc. André Leroi-Gourhan ; [traducción de Miguel Hongueras Campaña ; revisión y prólogo Eduardo Ripoll Perelló].
260 ## - PUBLICACIÓN, DISTRIBUCIÓN, ETC.
Lugar de publicación, distribución, etc. Barcelona :
Nombre del editor, distribuidor, etc. Gustavo Gili,
Fecha de publicación, distribución, etc. [1968]
300 ## - DESCRIPCIÓN FÍSICA
Extensión XVI, 326 p., 91 lám. :
Otras características físicas il. ;
Dimensiones 32 cm.
700 1# - ENTRADA AGREGADA--NOMBRE PERSONAL
Nombre de persona Hongueras Campaña, Miguel.
9 (RLIN) 64127
700 1# - ENTRADA AGREGADA--NOMBRE PERSONAL
Nombre de persona Ripoll Perelló, Eduardo,
Fechas asociadas al nombre 1923-2006
9 (RLIN) 97437
852 ## - LOCALIZACIÓN
Ubicación ES-MaACL
Número de control de estantería C-33948
Sublocalización o colección R.66756
Holdings
Estatus retirado Estado de pérdida Estado de daño No para préstamo Biblioteca de origen Biblioteca actual Ubicación en estantería Fecha de adquisición Fuente de adquisición Total de préstamos Signatura topográfica completa Código de barras Visto por última vez Precio de reemplazo Tipo de ítem Koha
        Biblioteca del Ateneo de Madrid Biblioteca del Ateneo de Madrid Depósito 2 17/01/2008     C-33948 1095136 23/02/2023 23/02/2023 Libro impreso